| 000 | 00719nmc a2200277 a 4500 | ||
|---|---|---|---|
| 003 | AR-BaBNM | ||
| 005 | 20251128203311.0 | ||
| 008 | 011101s1988 ||||||||||||||000 | spa|| | ||
| 020 | _a950-525-065-7 | ||
| 040 | _cAR-BaBNM | ||
| 100 | 1 | _aAmarante, Ana María | |
| 245 | 1 | 0 | _aUna evaluación por objetivos |
| 250 | _a1ª ed. | ||
| 260 |
_aBuenos Aires _bStella _c1988 |
||
| 300 | 0 | _a32 p. | |
| 490 | 0 |
_aCuadernos pedagógicos _vv. 1 |
|
| 504 | _aBibliografía en p. 32 | ||
| 650 | 4 | _aOBJETIVOS EDUCACIONALES | |
| 650 | 4 | _aEDUCACION | |
| 650 | 4 | _aPROCESO DE APRENDIZAJE | |
| 650 | 4 | _aAPRENDIZAJE | |
| 650 | 4 | _aDIAGNOSTICO EDUCACIONAL | |
| 650 | 4 | _aEVALUACION DEL ALUMNO | |
| 942 | _cBK | ||
| 998 | _cMarce | ||
| 999 |
_c2784 _d2784 |
||